• 首页
  • 本馆介绍
  • 公告通知
  • 最新文献
  • 馆藏检索
  • 电子资源
  • 读者导购
  • 参考咨询
  • 我的图书馆
  • 登录
  • 详细信息显示
  • 放入我的书架
  • 预约/预借图书
  • 作者相关作品
  • 分类相关作品
  • 丛书相关作品
  • 出版社相关作品

书目信息

  • 表格格式
  • 工作单格式
  • 卡片格式
题名:
上帝唇边的长笛
    
 
作者: 奥修 , Osho 著 ;陈舒 译
分册:  
出版信息: 上海   东方出版中心  1996
页数: 297页
开本: 20cm
丛书名: 奥修人生箴言系列
单 册:
中图分类: B351.5 , B825
科图分类:
主题词: 哲学理论--印度--现代 , 伦理学
电子资源:
ISBN: 7-80627-092-2
000 00871nam0 2200313 45
001 0964393870
005 20090928175416.84
010    @a7-80627-092-2@dCNY17.50
100    @a19961204d1996 em y0chiy0120 ea
101 1  @achi@ceng
102    @aCN@b310000
105    @ay z 000yy
200 10 @a上帝唇边的长笛@Ashang di chun bian de chang di@f(印度)奥修(Osho)著@g陈舒译
210    @a上海@c东方出版中心@d1996
215    @a297页@d20cm
225 2  @a奥修人生箴言系列
300    @a书名原文:I say unto you
300    @a由奥修国际基金会授权出版
410  0 @120010@a奥修人生箴言系列
510 1  @aI say unto you@zeng
606    @a哲学理论@y印度@z现代
606 0  @a伦理学
690    @aB351.5@v3
690    @aB825@v4
701  1 @a奥修@Aao xiu@4著
701 A1 @aOsho@4著
702  0 @a陈舒@Achen shu@4译
801  0 @aCN@bTSSF@c19970129
905    @a10447@dB825@eJY42
    
    上帝唇边的长笛/(印度)奥修(Osho)著/陈舒译.-上海:东方出版中心,1996
    297页;20cm.-(奥修人生箴言系列)
    书名原文:I say unto you.-由奥修国际基金会授权出版
    
    ISBN 7-80627-092-2:CNY17.50
    
●
相关链接 在E读中查询图书 在五车中查询图书 在当当中查询图书 在豆瓣中查询图书


正题名:上帝唇边的长笛     索取号:B825/JY42         预约/预借

序号 登录号 条形码 馆藏地/架位号 状态 备注
1 7820283   278202838   学院路分馆/ [索取号:B825/JY42] 在馆    
2 7820284   278202847   学院路分馆/ [索取号:B825/JY42] 在馆    
唐山师范学院图书馆 欢迎您!
大连网信软件有限公司© 版权所有